[Event "Brno Trade op"]
[Site "Brno"]
[Date "2021.09.01"]
[Round "5"]
[White "Sojka, Oldrich"]
[Black "Tajovsky, Simon"]
[Result "0-1"]
[WhiteElo "1417"]
[BlackElo "1607"]
[PlyCount "79"]
[EventDate "2021.08.29"]
[EventType "swiss"]
[EventRounds "9"]
[EventCountry "CZE"]
[SourceTitle "CBM 204 Extra"]
[Source "ChessBase"]
[SourceDate "2021.11.30"]
[SourceVersion "1"]
[SourceVersionDate "2021.11.30"]
[SourceQuality "1"]

1. e4 c5 2. Bc4 d6 3. Nc3 Nf6 4. d3 a6 5. a3 Nc6 6. Nf3 g6 7. Bg5 Bg7 8. Qd2 b5 9. Ba2 Bg4 10. Nh4 Nd4 11. h3 Bd7 12. Ne2 Nxe2 13. Qxe2 0-0 14. Qd2 Re8 15. 0-0 c4 16. dxc4 Nxe4 17. Qf4 Nxg5 18. Qxg5 Bxb2 19. Rab1 Bf6 20. Qh6 Bg7 21. Qg5 Be6 22. Rfe1 Bxc4 23. Bxc4 bxc4 24. Nf3 e6 25. Qf4 d5 26. Rb7 Re7 27. Reb1 e5 28. Qg3 Rxb7 29. Rxb7 Rb8 30. Ra7 Qb6 31. Rd7 Qc6 32. Ra7 d4 33. Ng5 Qd6 34. Nxf7 Rb1+ 35. Kh2 Qb8 36. Rd7 Qe8 37. Ra7 e4 38. Qg5 Qb8+ 39. g3 Qxa7 40. Nd8 0-1

[Event "Brno Trade op"]
[Site "Brno"]
[Date "2021.08.31"]
[Round "4"]
[White "Tajovsky, Simon"]
[Black "Hrdlicka, Vladan"]
[Result "0-1"]
[WhiteElo "1607"]
[BlackElo "1769"]
[PlyCount "56"]
[EventDate "2021.08.29"]
[EventType "swiss"]
[EventRounds "9"]
[EventCountry "CZE"]
[SourceTitle "CBM 204 Extra"]
[Source "ChessBase"]
[SourceDate "2021.11.30"]
[SourceVersion "1"]
[SourceVersionDate "2021.11.30"]
[SourceQuality "1"]

1. d4 d5 2. c4 c6 3. Nf3 Nf6 4. Nc3 a6 5. e3 b5 6. b3 Bg4 7. Be2 e6 8. 0-0 Be7 9. Ne5 Bxe2 10. Qxe2 0-0 11. Bb2 Nfd7 12. f4 bxc4 13. bxc4 Nxe5 14. fxe5 Nd7 15. e4 Nb6 16. exd5 cxd5 17. c5 Nc4 18. Rab1 Rb8 19. Nd1 Bg5 20. Rf2 Nd2 21. Ra1 Ne4 22. Rf3 Qa5 23. Bc3 Qa4 24. Qd3 Rb5 25. Be1 Rb3 26. Qxb3 Qxd4+ 27. Bf2 Qxa1 28. Qb2 Qxd1+ 0-1

[Event "Ceske Budejovice op-B"]
[Site "Ceske Budejovice"]
[Date "2020.07.04"]
[Round "4"]
[White "Dobsinsky, Petr"]
[Black "Tajovsky, Simon"]
[Result "0-1"]
[WhiteElo "1248"]
[BlackElo "1594"]
[PlyCount "92"]
[EventDate "2020.07.01"]
[EventType "swiss"]
[EventRounds "9"]
[EventCountry "CZE"]
[SourceTitle "CBM 197 Extra"]
[Source "ChessBase"]
[SourceDate "2020.09.30"]
[SourceVersion "1"]
[SourceVersionDate "2020.09.30"]
[SourceQuality "1"]

1. Nf3 d5 2. e3 Nf6 3. c4 e6 4. Nc3 c5 5. b3 Nc6 6. Bb2 Bd6 7. d4 0-0 8. cxd5 exd5 9. dxc5 Bxc5 10. Bd3 Bg4 11. h3 Bh5 12. g4 Bg6 13. Bxg6 hxg6 14. g5 Ne4 15. Qxd5 Qxd5 16. Nxd5 Rad8 17. Rd1 Nb4 18. Nxb4 Rxd1+ 19. Kxd1 Nxf2+ 20. Ke2 Nxh1 21. Nd3 Ng3+ 22. Kf2 Ne4+ 23. Ke2 Bb6 24. h4 Rc8 25. Bd4 Nc3+ 26. Bxc3 Rxc3 27. Kd2 Rc8 28. e4 f6 29. a4 Kf7 30. e5 Rd8 31. Ke2 Ke6 32. b4 Bd4 33. gxf6 gxf6 34. exf6 Kxf6 35. Nf4 Kf5 36. Ng2 Bf6 37. Nh2 Rd4 38. Nf3 Rxb4 39. Ne3+ Ke6 40. a5 Ra4 41. Ng2 Rxa5 42. Nf4+ Kf5 43. Nd3 Ra2+ 44. Ke3 Ra3 45. Nd4+ Bxd4+ 46. Kxd4 Rxd3+ 0-1

[Event "Ceske Budejovice op-B"]
[Site "Ceske Budejovice"]
[Date "2020.07.01"]
[Round "1"]
[White "Tajovsky, Simon"]
[Black "Skalicky, Jindrich"]
[Result "1-0"]
[WhiteElo "1594"]
[BlackElo "1165"]
[PlyCount "79"]
[EventDate "2020.07.01"]
[EventType "swiss"]
[EventRounds "9"]
[EventCountry "CZE"]
[SourceTitle "CBM 197 Extra"]
[Source "ChessBase"]
[SourceDate "2020.09.30"]
[SourceVersion "1"]
[SourceVersionDate "2020.09.30"]
[SourceQuality "1"]

1. d4 d5 2. c4 dxc4 3. e3 Nf6 4. Nc3 a6 5. Bxc4 e6 6. Nf3 c5 7. 0-0 Nc6 8. d5 exd5 9. Nxd5 Nxd5 10. Bxd5 Be7 11. e4 0-0 12. Be3 Qc7 13. Rc1 Nd8 14. Qc2 Be6 15. Rfd1 Rc8 16. Ng5 Bxg5 17. Bxg5 b6 18. b4 Bxd5 19. exd5 Re8 20. bxc5 bxc5 21. Qa4 Kf8 22. d6 Qc6 23. Qxc6 Rxc6 24. d7 Re7 25. Bxe7+ Kxe7 26. Rd2 Re6 27. g3 Rc6 28. f4 Rd6 29. Rcd1 Rxd2 30. Rxd2 Nb7 31. Kf2 Nd6 32. Rxd6 Kd8 33. Ke3 g6 34. Kd3 h5 35. Kc4 h4 36. Kxc5 hxg3 37. hxg3 a5 38. Kc6 a4 39. Rd1 a3 40. Re1 1-0

[Event "CZE-ch U10"]
[Site "Kouty nad Desnou"]
[Date "2017.03.18"]
[Round "9"]
[White "Tajovsky, Simon"]
[Black "Zalusky, Matej"]
[Result "0-1"]
[WhiteElo "1449"]
[BlackElo "1245"]
[PlyCount "112"]
[EventDate "2017.03.11"]
[EventType "swiss"]
[EventRounds "9"]
[EventCountry "CZE"]
[SourceTitle "CBM 177 Extra"]
[Source "ChessBase"]
[SourceDate "2017.04.27"]
[SourceVersion "1"]
[SourceVersionDate "2017.04.27"]
[SourceQuality "1"]

1. d4 Nf6 2. c4 g6 3. Nc3 Bg7 4. e4 0-0 5. f3 d6 6. Bd3 e5 7. d5 Nbd7 8. Nge2 h6 9. Be3 Qe7 10. Qd2 g5 11. 0-0-0 Nb6 12. h4 Nh7 13. hxg5 Nxg5 14. Rh5 f6 15. Rf1 f5 16. Bxg5 hxg5 17. Rxg5 fxe4 18. Bxe4 Nxc4 19. Rxg7+ Qxg7 20. Qd3 Qh6+ 21. f4 Nb6 22. Qg3+ Qg7 23. Qh2 Bf5 24. Bf3 Nc4 25. g4 Bg6 26. f5 Bxf5 27. gxf5 Qg5+ 28. Nf4 Qxf4+ 29. Qxf4 exf4 30. Rg1+ Kf7 31. Bh5+ Ke7 32. Ne4 Rxf5 33. Rg7+ Kf8 34. Rg5 Rxg5 35. Nxg5 Ke7 36. Ne6 Nb6 37. Nxf4 Kf6 38. Bf3 Ke5 39. Ne6 Rg8 40. Kd2 Nxd5 41. Bxd5 Kxd5 42. Nxc7+ Kc6 43. Ne6 Re8 44. Nd4+ Kd5 45. Kd3 Rh8 46. Nc2 a6 47. b3 Rh4 48. Ne3+ Kc5 49. Nc2 d5 50. Kc3 a5 51. Kd3 Rh3+ 52. Kd2 b5 53. Ke2 a4 54. bxa4 bxa4 55. Kd2 d4 56. Ke2 d3+ 0-1

[Event "CZE-ch U10"]
[Site "Kouty nad Desnou"]
[Date "2017.03.14"]
[Round "5"]
[White "Tajovsky, Simon"]
[Black "Mohapl, Tomas"]
[Result "0-1"]
[WhiteElo "1449"]
[BlackElo "1293"]
[PlyCount "98"]
[EventDate "2017.03.11"]
[EventType "swiss"]
[EventRounds "9"]
[EventCountry "CZE"]
[SourceTitle "CBM 177 Extra"]
[Source "ChessBase"]
[SourceDate "2017.04.27"]
[SourceVersion "1"]
[SourceVersionDate "2017.04.27"]
[SourceQuality "1"]

1. d4 d5 2. c4 e6 3. Nc3 Nf6 4. Nf3 Be7 5. Bf4 0-0 6. e3 b6 7. Rc1 Bb7 8. Bd3 Nbd7 9. 0-0 c5 10. Qe2 Re8 11. Rfd1 cxd4 12. exd4 Rc8 13. a3 dxc4 14. Bxc4 Bxf3 15. gxf3 Nh5 16. Bg3 Bg5 17. Rc2 Nf4 18. Bxf4 Bxf4 19. Bd3 Qh4 20. Qe1 Qxh2+ 21. Kf1 Qh3+ 22. Ke2 e5 23. d5 Nf6 24. Ne4 Rxc2+ 25. Bxc2 Nxe4 26. fxe4 Qg4+ 27. f3 Qg2+ 28. Kd3 Qxf3+ 29. Kc4 Rc8+ 30. Kb5 Rxc2 31. d6 Rc8 32. d7 Rd8 33. Rd5 Qg4 34. Qc3 h6 35. Qc7 Qg5 36. Qc8 h5 37. Qc3 h4 38. Rd1 Qg3 39. Rd3 Qg5 40. Rd1 Qf6 41. Qh3 g5 42. Qg4 Qe6 43. Qxe6 fxe6 44. Kc6 Kf8 45. Kd6 Kf7 46. Rh1 Bg3 47. Rg1 g4 48. Rg2 h3 49. Rxg3 h2 0-1

[Event "CZE-ch U10"]
[Site "Kouty nad Desnou"]
[Date "2017.03.13"]
[Round "4"]
[White "Dolensky, Filip"]
[Black "Tajovsky, Simon"]
[Result "1/2-1/2"]
[WhiteElo "1529"]
[BlackElo "1449"]
[PlyCount "116"]
[EventDate "2017.03.11"]
[EventType "swiss"]
[EventRounds "9"]
[EventCountry "CZE"]
[SourceTitle "CBM 177 Extra"]
[Source "ChessBase"]
[SourceDate "2017.04.27"]
[SourceVersion "1"]
[SourceVersionDate "2017.04.27"]
[SourceQuality "1"]

1. e4 c5 2. Nc3 Nc6 3. g3 g6 4. Bg2 Bg7 5. f4 d6 6. d3 e6 7. Nf3 Nge7 8. 0-0 0-0 9. Be3 Nd4 10. e5 Nef5 11. Bf2 Nxf3+ 12. Qxf3 Nd4 13. Qd1 dxe5 14. fxe5 Bxe5 15. Ne4 f5 16. Nd2 Rb8 17. c3 Nc6 18. Bxc5 Rf7 19. Nc4 Bg7 20. Bd6 Ra8 21. d4 Na5 22. Nxa5 Qxd6 23. Qb3 e5 24. Bd5 Qc7 25. Bxf7+ Qxf7 26. Qxf7+ Kxf7 27. dxe5 Bxe5 28. Rfe1 Bc7 29. Nb3 Bd7 30. Nd4 Bb6 31. Kg2 Rc8 32. Re2 Bc5 33. Rae1 Bd6 34. h3 a6 35. Rd2 Bf8 36. Kh2 Rd8 37. Red1 Re8 38. Nf3 Bc6 39. Ng5+ Kg7 40. Rd8 Re2+ 41. Kg1 Bc5+ 42. Kf1 Bb5 43. R8d3 Bxd3 44. Rxd3 Re7 45. Nf3 Re3 46. Rxe3 Bxe3 47. Ke2 Bc5 48. Nd4 Kf6 49. Nf3 h6 50. b4 Bd6 51. Kf2 f4 52. g4 g5 53. Ke2 Ke6 54. Kd3 b5 55. Nd4+ Kd5 56. Nf5 Bf8 57. a3 Ke5 58. Nd4 Kd5 1/2-1/2

[Event "CZE-ch U10"]
[Site "Kouty nad Desnou"]
[Date "2017.03.13"]
[Round "3"]
[White "Tajovsky, Simon"]
[Black "Winter, Ondrej"]
[Result "1/2-1/2"]
[WhiteElo "1449"]
[BlackElo "1303"]
[PlyCount "73"]
[EventDate "2017.03.11"]
[EventType "swiss"]
[EventRounds "9"]
[EventCountry "CZE"]
[SourceTitle "CBM 177 Extra"]
[Source "ChessBase"]
[SourceDate "2017.04.27"]
[SourceVersion "1"]
[SourceVersionDate "2017.04.27"]
[SourceQuality "1"]

1. d4 d5 2. c4 e6 3. Nc3 Nf6 4. Nf3 Be7 5. Bf4 a6 6. e3 Nbd7 7. Rc1 b6 8. Bd3 Bb7 9. 0-0 0-0 10. a3 c5 11. Re1 Ne4 12. Qc2 Ndf6 13. Ne5 Rc8 14. Nxe4 Nxe4 15. f3 Nf6 16. Kh1 h6 17. b3 cxd4 18. exd4 Bxa3 19. Ra1 Bb4 20. Rec1 dxc4 21. bxc4 Qxd4 22. Bg3 Rfd8 23. Rd1 Qc3 24. Qb1 a5 25. f4 Bc5 26. Be1 Ne4 27. Bxe4 Rxd1 28. Qxd1 Qe3 29. Bg3 Qxe4 30. Ra2 Bd6 31. Re2 Qf5 32. Qxd6 Qb1+ 33. Re1 Qc2 34. Rg1 Bxg2+ 35. Rxg2 Qb1+ 36. Rg1 Qe4+ 37. Rg2 1/2-1/2

[Event "CZE-ch U10"]
[Site "Kouty nad Desnou"]
[Date "2017.03.12"]
[Round "2"]
[White "Paseka, Matyas"]
[Black "Tajovsky, Simon"]
[Result "1-0"]
[WhiteElo "1441"]
[BlackElo "1449"]
[PlyCount "81"]
[EventDate "2017.03.11"]
[EventType "swiss"]
[EventRounds "9"]
[EventCountry "CZE"]
[SourceTitle "CBM 177 Extra"]
[Source "ChessBase"]
[SourceDate "2017.04.27"]
[SourceVersion "1"]
[SourceVersionDate "2017.04.27"]
[SourceQuality "1"]

1. e4 c5 2. Nf3 Nc6 3. d4 cxd4 4. Nxd4 g6 5. Nc3 Bg7 6. Be3 Nf6 7. Bc4 0-0 8. Bb3 a5 9. 0-0 a4 10. Nxa4 Nxe4 11. Nb5 Ra6 12. c4 d6 13. h3 Bd7 14. Qe2 Na5 15. Rac1 Nxb3 16. axb3 Bxb5 17. cxb5 Ra8 18. Bb6 Qd7 19. Qxe4 Qxb5 20. Qc4 Qf5 21. Qb4 Rfc8 22. Rc4 Rxc4 23. bxc4 Qc2 24. b3 Rc8 25. Be3 Qe4 26. Re1 Qc6 27. Nb6 Rb8 28. Nd5 Qd7 29. Bg5 e6 30. Nf6+ Bxf6 31. Bxf6 b6 32. Rd1 d5 33. Qd2 Qe8 34. cxd5 exd5 35. Qxd5 b5 36. Bc3 b4 37. Bf6 h6 38. Qd8 Rxd8 39. Rxd8 Qxd8 40. Bxd8 Kf8 41. Ba5 1-0

[Event "CZE-ch U10"]
[Site "Kouty nad Desnou"]
[Date "2017.03.11"]
[Round "1"]
[White "Tajovsky, Simon"]
[Black "Nejedly, Radek"]
[Result "1-0"]
[WhiteElo "1449"]
[BlackElo "1217"]
[PlyCount "105"]
[EventDate "2017.03.11"]
[EventType "swiss"]
[EventRounds "9"]
[EventCountry "CZE"]
[SourceTitle "CBM 177 Extra"]
[Source "ChessBase"]
[SourceDate "2017.04.27"]
[SourceVersion "1"]
[SourceVersionDate "2017.04.27"]
[SourceQuality "1"]

1. d4 c5 2. dxc5 e6 3. c4 Bxc5 4. Nc3 d6 5. Nf3 Nf6 6. Bg5 Bb4 7. Qa4+ Nc6 8. e3 0-0 9. Bd3 h6 10. Bh4 Bd7 11. Qb3 Re8 12. 0-0 e5 13. Nd5 a5 14. Rfd1 a4 15. Qc2 g5 16. Nxf6+ Qxf6 17. Bg3 g4 18. Nd2 Bxd2 19. Qxd2 e4 20. Bc2 Qxb2 21. Rab1 Qxa2 22. Qc3 Be6 23. Bxe4 Qxc4 24. Qxc4 Bxc4 25. Bxc6 bxc6 26. Rxd6 a3 27. Rxc6 a2 28. Ra1 Red8 29. Be5 Bb3 30. Rcc1 Rd5 31. Bd4 Rad8 32. Rc6 Ba4 33. Rc3 Rb8 34. Rcc1 Rdb5 35. Rxa2 Rb1 36. Rf1 Bc6 37. Rc2 Be4 38. Rcc1 R1b3 39. f3 gxf3 40. gxf3 Bd3 41. Rf2 Rb1 42. Rg2+ Bg6 43. Rf1 Rxf1+ 44. Kxf1 Rb1+ 45. Ke2 Rb8 46. e4 Kh7 47. Kd3 Rb3+ 48. Bc3 Rb7 49. f4 Rd7+ 50. Ke3 Re7 51. f5 Bxf5 52. Rg7+ Kh8 53. Rxf7+ 1-0

[Event "EU-ch U10 26th"]
[Site "Prague"]
[Date "2016.08.26"]
[Round "8"]
[White "Tajovsky, Simon"]
[Black "Andreev, Konstantin1111"]
[Result "0-1"]
[WhiteElo "1106"]
[BlackElo "1206"]
[PlyCount "63"]
[EventDate "2016.08.18"]
[EventType "swiss"]
[EventRounds "9"]
[EventCountry "CZE"]
[SourceTitle "CBM 174 Extra"]
[Source "ChessBase"]
[SourceDate "2016.10.10"]
[SourceVersion "1"]
[SourceVersionDate "2016.10.10"]
[SourceQuality "1"]

1. d4 d5 2. c4 c6 3. Nf3 Nf6 4. Nc3 Nbd7 5. cxd5 cxd5 6. Bg5 e6 7. e3 Be7 8. Bd3 0-0 9. 0-0 b6 10. Ne5 Nxe5 11. dxe5 Nd7 12. Bxe7 Qxe7 13. f4 Bb7 14. Rf3 d4 15. Rh3 g6 16. exd4 Rac8 17. Ne4 Qb4 18. Bc2 Qxb2 19. Nd6 Rxc2 20. Nxb7 Rxg2+ 21. Kh1 Rd2 22. Qf1 Qxd4 23. Nd6 Qf2 24. Qxf2 Rxf2 25. Rh4 f6 26. Kg1 Rd2 27. Nb5 fxe5 28. fxe5 a6 29. Nc7 Nxe5 30. Nxa6 Nf3+ 31. Kf1 Nxh2+ 32. Ke1 0-1